MESTSKÁ KNIŽNICA GIRALTOVCE  - online katalóg 

Druhá Boleynová (Record no. 23388)

000 -NÁVESTIE
fixed length control field 02335cam a2200637 4500
001 - EVIDENČNÉ ČÍSLO ZÁZNAMU - Kontrolné číslo
control field vtls011779250
005 - DÁTUM A ČAS POSLEDNEJ TRANSAKCIE
control field 20221006121106.0
008 - ÚDAJE S PEVNOU DĹŽKOU – VŠEOBECNÉ INFORMÁCIE
fixed length control field 180917s2018 xo gr 010 fdslo
020 ## - MEDZINÁRODNÉ ŠTANDARDNÉ ČÍSLO KNIHY (ISBN)
Medzinárodné štandardné číslo knihy (ISBN) 9788055631868
Qualifying information (viazané)
040 ## - ZDROJ KATALOGIZÁCIE
Pôvodná katalogizujúca agentúra PPPK
Jazyk katalogizácie slo
Prepisujúca agentúra PPPK
Modifikujúca agentúra SNK
Konvencie popisu rda
041 1# - KÓD JAZYKA
Kód jazyka textu/zvukovej stopy alebo samostatných nápisov slo
Kód jazyka originálu a/alebo sprostredkujúcich prekladov textu eng
044 ## - KÓD KRAJINY VYDAVATEĽA/PRODUCENTA
Kód krajiny MARC xo
Kód krajiny ISO SK
072 #7 - KÓD PREDMETOVEJ KATEGÓRIE
Kód predmetovej kategórie 821.111-3
Pododdiel kódu predmetovej kategórie Anglická próza, anglicky písaná
Zdroj konspekt
072 #7 - KÓD PREDMETOVEJ KATEGÓRIE
Kód predmetovej kategórie 929
Pododdiel kódu predmetovej kategórie Biografie
Zdroj konspekt
080 ## - ČÍSLO MEDZINÁRODNÉHO DESATINNÉHO TRIEDENIA (MDT)
Číslo Medzinárodného desatinného triedenia (MDT) 821.111-31
Identifikátor vydania 2011
080 ## - ČÍSLO MEDZINÁRODNÉHO DESATINNÉHO TRIEDENIA (MDT)
Číslo Medzinárodného desatinného triedenia (MDT) 929.731-055.2
Identifikátor vydania 2011
080 ## - ČÍSLO MEDZINÁRODNÉHO DESATINNÉHO TRIEDENIA (MDT)
Číslo Medzinárodného desatinného triedenia (MDT) 929.731-058.833
Identifikátor vydania 2011
080 ## - ČÍSLO MEDZINÁRODNÉHO DESATINNÉHO TRIEDENIA (MDT)
Číslo Medzinárodného desatinného triedenia (MDT) (410.1)
Identifikátor vydania 2011
080 ## - ČÍSLO MEDZINÁRODNÉHO DESATINNÉHO TRIEDENIA (MDT)
Číslo Medzinárodného desatinného triedenia (MDT) (0:82-311.6)
Identifikátor vydania 2011
080 ## - ČÍSLO MEDZINÁRODNÉHO DESATINNÉHO TRIEDENIA (MDT)
Číslo Medzinárodného desatinného triedenia (MDT) (0:82-312.6)
Identifikátor vydania 2011
100 1# - OSOBNÉ MENÁ – VŠEOBECNÉ INFORMÁCIE
Osobné meno Gregory, Philippa,
Dátumy súvisiace s menom 1954-
Kód roly aut
-- 3578
240 14 - UNIFIKOVANÝ NÁZOV
Unifikovaný názov The Other Boleyn Girl
Jazyk diela Slovensky
245 10 - NÁZOV
Názov Druhá Boleynová
Údaj o zodpovednosti atď. Philippa Gregory ; z angličtiny preložil Otakar Kořínek
246 1# - INÁ FORMA NÁZVU
Zobrazovaný text Obálkový podnázov:
Hlavný názov/skrátený názov Dve sestry súperia o to najcennejšie. O lásku kráľa
246 1# - INÁ FORMA NÁZVU
Zobrazovaný text Série:
Hlavný názov/skrátený názov Ženy Tudorovcov
264 #1 - VYDAVATEĽSKÉ ÚDAJE, DISTRIBÚCIA ATĎ. - RDA
Miesto publikovania, distribúcie atď. Bratislava
Názov vydavateľa, distibútora atď. Slovart
Dátum publikovania, distribúcie atď. 2018
300 ## - FYZICKÝ POPIS
Rozsah 548 strán
Rozmery 24 cm
336 ## - TYP OBSAHU
Typ obsahu - termín text
Typ obsahu - kód txt
Zdroj rdacontent
337 ## - TYP MÉDIA
Typ média - termín bez média
Typ média - kód nc
Zdroj rdamedia
338 ## - TYP NOSIČA
Typ nosiča - termín zväzok
Typ nosiča - kód nc
Zdroj rdacarrier
600 17 - PRIDANÝ VSTUP – PREDMET – OSOBNÉ MENO
Osobné meno Boleyn, Mary,
Dátumy súvisiace s menom 1499-1543
Zdroj hesla alebo termínu SNKMA
-- 3604
600 17 - PRIDANÝ VSTUP – PREDMET – OSOBNÉ MENO
Osobné meno Boleyn, Anna,
Tituly a iné slová súvisiace s menom kráľovná, manželka Henricha VIII., anglického kráľa,
Dátumy súvisiace s menom 1485-1536
Zdroj hesla alebo termínu SNKMA
-- 3605
600 07 - PRIDANÝ VSTUP – PREDMET – OSOBNÉ MENO
Osobné meno Henrich
Číslovanie VIII.,
Tituly a iné slová súvisiace s menom anglický kráľ,
Dátumy súvisiace s menom 1491-1547
Zdroj hesla alebo termínu SNKMA
-- 3585
600 37 - PRIDANÝ VSTUP – PREDMET – OSOBNÉ MENO
Osobné meno Tudor (rod)
Zdroj hesla alebo termínu SNKMA
-- 3599
648 #7 - PRIDANÝ VSTUP – PREDMET – CHRONOLOGICKÝ TERMÍN
Chronologický termín 1521-1536
Zdroj hesla alebo termínu SNKPH
-- 3606
648 #7 - PRIDANÝ VSTUP – PREDMET – CHRONOLOGICKÝ TERMÍN
Chronologický termín 16. storočie
Zdroj hesla alebo termínu SNKPH
-- 3592
648 #7 - PRIDANÝ VSTUP – PREDMET – CHRONOLOGICKÝ TERMÍN
Chronologický termín 16th Centhury
Zdroj hesla alebo termínu SNKPHeng
-- 3601
650 07 - PRIDANÝ VSTUP – PREDMET – TEMATICKÉ HESLO
Tematické heslo alebo geografický názov ako vstupný prvok panovníčky
Zdroj hesla alebo termínu SNKPH
-- 2907
650 07 - PRIDANÝ VSTUP – PREDMET – TEMATICKÉ HESLO
Tematické heslo alebo geografický názov ako vstupný prvok manželky panovníkov
Zdroj hesla alebo termínu SNKPH
-- 3602
650 07 - PRIDANÝ VSTUP – PREDMET – TEMATICKÉ HESLO
Tematické heslo alebo geografický názov ako vstupný prvok milenky panovníkov
Zdroj hesla alebo termínu SNKPH
-- 3603
650 07 - PRIDANÝ VSTUP – PREDMET – TEMATICKÉ HESLO
Tematické heslo alebo geografický názov ako vstupný prvok Queens and empresses
Zdroj hesla alebo termínu SNKPHeng
-- 2908
650 07 - PRIDANÝ VSTUP – PREDMET – TEMATICKÉ HESLO
Tematické heslo alebo geografický názov ako vstupný prvok Rulers’ spouses
Zdroj hesla alebo termínu SNKPHeng
-- 3607
651 #7 - PRIDANÝ VSTUP – PREDMET – GEOGRAFICKÝ NÁZOV
Geografický názov Anglicko
Zdroj hesla alebo termínu SNKPHgeo
-- 3581
651 #7 - PRIDANÝ VSTUP – PREDMET – GEOGRAFICKÝ NÁZOV
Geografický názov England
Zdroj hesla alebo termínu SNKPHeng
-- 3582
655 #7 - INDEXAČNÝ TERMÍN – ŽÁNER/FORMA
Údaje o žánri/forme alebo termín, ktorý je prvok fazety anglické romány
Zdroj termínu SNKPH
-- 8
655 #7 - INDEXAČNÝ TERMÍN – ŽÁNER/FORMA
Údaje o žánri/forme alebo termín, ktorý je prvok fazety historické romány
Zdroj termínu SNKPH
-- 1688
655 #7 - INDEXAČNÝ TERMÍN – ŽÁNER/FORMA
Údaje o žánri/forme alebo termín, ktorý je prvok fazety biografické romány
Zdroj termínu SNKPH
-- 2126
655 #7 - INDEXAČNÝ TERMÍN – ŽÁNER/FORMA
Údaje o žánri/forme alebo termín, ktorý je prvok fazety English fiction
Zdroj termínu SNKPHeng
-- 9
655 #7 - INDEXAČNÝ TERMÍN – ŽÁNER/FORMA
Údaje o žánri/forme alebo termín, ktorý je prvok fazety Historical novels
Zdroj termínu SNKPHeng
-- 1689
655 #7 - INDEXAČNÝ TERMÍN – ŽÁNER/FORMA
Údaje o žánri/forme alebo termín, ktorý je prvok fazety Biographical novels
Zdroj termínu SNKPHeng
-- 2127
700 1# - PRIDANÝ VSTUP – OSOBNÉ MENO
Osobné meno Kořínek, Otakar,
Dátumy súvisiace s menom 1946-
Kód roly trl
-- 3589
958 ## - Formálny deskriptor
Formálny deskriptor LX
958 ## - Formálny deskriptor
Formálny deskriptor UP
958 ## - Formálny deskriptor
Formálny deskriptor BC
Holdings
Stav stiahnutia (Blokovanie) (Withrawn status) Stav straty Zdroj klasifikácie pre skladovanie Stav poškodenia (Damaged status) Nie pre výpožičky (Not for loan) Spôsob nadobudnutia (Collection code) Trvalé umiestnenie Aktuálne umiestnenie Dátum nadobudnutia Náklady, bežná kúpna cena Inventárne číslo (prírastkové číslo) Celkom výpožičky Full call number Čiarový kód Dátum posledného výskytu Dátum poslednej výpôžičky Cena s účinnosťou od Typ jednotky Koha
          Kúpa Mestská knižnica Giraltovce Mestská knižnica Giraltovce 2022-10-06 9.00 21721 3 B10532 B10532 2024-10-04 2024-09-16 2022-10-06 Krásna literatúra pre dospelých

Powered by Koha